000 01025nam a2200253 a 4500
001 79614
003 BD-RjUL
005 20220327114822.0
008 220327s2004 bg a|||| m||| 00| 0 eng d
035 _a(BD-RjUL)79614
040 _aBD-RjUL
_beng
_cBD-RjUL
_dBD-RjUL
041 _aeng
082 _223
_a370.25492
_bISE 2004
100 _aIslam, Md. Rafiqul
_91188
245 1 0 _aEducational Administration in Bangladesh :
_b A Study of Managerial problems of Government Teachers Training Colleges /
_cMd. Rafiqul Islam ;
_6Supervisor : M. Shamsur Rahman
260 _aRajshahi :
_bInstitute of Bangladesh Studies, University of Rajshahi,
_c2004
300 _a[1], xviii, 219 leaves :
_bill ;
_c29 cm.
502 _aThesis (Ph. D.) - Institute of Bangladesh Studies, University of Rajshahi, 2004
504 _aBibliography : Leaves 184-189
650 _aEducation
_xAdministration
_zBangladesh
_92055
650 _aEducation
_xMiscellany
_zBangladesh
_92056
700 _aRahman, M. Shamsur, Supervisor
_91579
942 _2ddc
_cTHE
999 _c79614
_d79614